000 00321 a2200145 4500
001 176607
020 _a
040 _cMagnum
100 _aFasciani, Isaura Caminhas
240 1 0 _aMemorias de um espantalho
_lpor
245 1 0 _aMemorias de um espantalho
362 0 _a1899
697 _aMAGNITO: J/GERAL
942 _cBK
999 _c176607
_d176607